000 00684nam a2200205 a 4500
001 000028029
003 DO-SdBNP
005 20251127115837.0
008 090707s1998 dr 000 0 spa d
040 _aDO-SdBNP
_bspa
_cBNPHU
082 _a344.021
_bA345g
100 1 _aAlburquerque, Rafael
_97243
245 1 0 _aGuía de los derechos de los trabajadores /
_cRafael Alburquerque.
260 _aSanto Domingo :
_bSecretaría de Estado de Trabajo,.
300 _a107 p. ;
_c18 cm.
650 7 _aReglamentos de trabajo
_zRepública Dominicana
_916460
650 7 _aDerecho laboral
_zRepública Dominicana
_x
_976950
910 _aValidado. Control de calidad MFF
942 _2ddc
_cLBS1
999 _c27521
_d27521